Missing Word: Steven Spielberg II Quiz Stats

 Plays Quiz Updated Jun 7, 2016

Challenge
Share
Tweet
Embed
Score 0/24 Timer 05:00
0 Plays Today
Title Missing Word % Correct
____ to the FutureBack
99%
I Wanna Hold Your ____Hand
98.6%
____ GritTrue
95.1%
____ in BlackMen
94.8%
Who ____ Roger RabbitFramed
94.7%
Medal of ____Honor
92.3%
The ____ Before TimeLand
91.9%
Letters from Iwo ____Jima
90.4%
The Mask of ____Zorro
89.9%
Jurassic ____World
85%
Vanilla ____Sky
84.6%
Joe Versus the ____Volcano
80.5%
Title Missing Word % Correct
An ____ TailAmerican
79.6%
____ of a GeishaMemoirs
79.4%
The ____ BrothersBlues
75.6%
The Lovely ____Bones
75.1%
____ ImpactDeep
69.9%
The Money ____Pit
68.9%
____ Sherlock HolmesYoung
53.1%
____ of Our FathersFlags
49.3%
____ 8Super
48.7%
Transformers: ____ of the FallenRevenge
48.1%
The ____-Foot JourneyHundred
45.3%
____ II: The Other SidePoltergeist
22.5%

Today's Daily Dose

You're not logged in!

Compare scores with friends on all Sporcle quizzes.
OR
Log In

You Might Also Like...

Show Comments

Extras

Top Quizzes Today


Score Distribution

Your Account Isn't Verified!

In order to create a playlist on Sporcle, you need to verify the email address you used during registration. Go to your Sporcle Settings to finish the process.

Report this User

Report this user for behavior that violates our Community Guidelines.

Details: